000 01132cab a2200229 4500
001 ABS56876
008 090401t1997 xxu||||| |||| 00| 0 eng d
035 _a(Sirsi) u77856
041 _aeng
245 _aAddin v SoS Environment
260 _c1997
350 _a0
490 _aEstates Gazette
_v[1997] 14 EG 132-134(3)
520 _aChD 27 November 1996. Commercial premises subject to seven year rent reviews. Reddendum provided that for each rent review period, rent should be higher than initial rent of £148,000, or a sum assessed as the current open market rent. Landlord contended these provisions gave the landlords an option to serve a trigger notice. "Held" parties contracted to pay the higher sum of £148,000 and the current market rent. The rent paid in the previous review period continues to be payable but if a review is triggered then it reverts to the formula in the reddendum.
650 _aADDIN V SOS ENVIRONMENT
650 _aOPEN MARKET RENT
650 _aRENT REVIEWS
650 _aTRIGGER NOTICE
690 _aLANDLORD AND TENANT-CASE LAW-RENT REVIEWS
942 _n0
948 _c22/04/1997
999 _c48948
_d48948